Loading...
Current Events | 3 | 6.67 | 67% | 0% | 0% |
Fine Arts - Classical Music | 9 | 18.89 | 100% | 56% | 44% |
Fine Arts - Other Fine Arts | 9 | 21.11 | 100% | 67% | 44% |
Fine Arts - Painting & Sculpture | 9 | 17.78 | 100% | 78% | 0% |
Geography | 3 | 16.67 | 100% | 67% | 0% |
History - American History | 8 | 18.75 | 100% | 75% | 13% |
History - European History | 8 | 17.50 | 100% | 75% | 0% |
History - Other History | 4 | 17.50 | 100% | 75% | 0% |
History - World History | 10 | 14.00 | 90% | 40% | 10% |
Literature - American Literature | 8 | 17.50 | 100% | 75% | 0% |
Literature - British Literature | 8 | 12.50 | 88% | 38% | 0% |
Literature - European Literature | 11 | 16.36 | 100% | 73% | 9% |
Literature - World Literature | 8 | 21.25 | 100% | 100% | 13% |
Mythology | 7 | 20.00 | 100% | 86% | 14% |
Other Academic | 5 | 16.00 | 100% | 60% | 0% |
Philosophy | 12 | 20.00 | 100% | 75% | 25% |
Religion | 9 | 16.67 | 100% | 67% | 0% |
Science - Biology | 9 | 13.33 | 89% | 44% | 0% |
Science - Chemistry | 8 | 11.25 | 88% | 13% | 13% |
Science - Other Science | 9 | 12.22 | 100% | 22% | 0% |
Science - Physics | 8 | 13.75 | 88% | 38% | 13% |
Social Science | 9 | 18.89 | 100% | 67% | 22% |